00000000nam##2200000za#4500
0019.644404
003CaOODSP
00520250506145324
007ta
008150407|1991||||xxc|||||     f|0| 0 eng|d
020 |a0-662-18826-8
040 |aCaOODSP|beng
043 |an-cn---
0861 |aA53-1868/1991E
1101 |aCanada.|bAgriculture Canada.
24510|aSoil landscapes of Canada : |bprocedures manual and user's handbook / |c[by] J.A. Shields ... [et al.]
260 |aOttawa - Ontario : |bAgriculture Canada |c1991.
300 |a74p. : |bfigs., references ; |c23 cm.
563 |aSoftcover
590 |a91-49|b1991-12-06
7201 |aShields, J. A.
77508|tPédo-paysages du Canada : |w(CaOODSP)9.678820
7760#|tSoil landscapes of Canada : |w(CaOODSP)9.700472
986 |aLand Resource Research Institute. Contribution, 88-29; Publication 1868/E